[Event "5. Nord-West-Cup"]
[Site "?"]
[Date "2003.??.??"]
[Round "6"]
[White "Meyer, Peter"]
[Black "Leppert, Hans-Jürgen"]
[Result "1/2-1/2"]
[WhiteElo "1541"]
[BlackElo "1822"]
[PlyCount "106"]

1. d4 f5 2. Nf3 Nf6 3. Bg5 d6 4. e3 g6 5. Bc4 Bg7 6. Nbd2 c6 7. Bb3 d5 8. Ne5
Nbd7 9. f4 Nb8 10. Qe2 Ne4 11. Nxe4 fxe4 12. O-O Qd6 13. c4 e6 14. g4 Nd7 15.
c5 Qc7 16. Bc2 O-O 17. Be7 Re8 18. Bd6 Qd8 19. b4 a6 20. a4 Bf8 21. Bxf8 Rxf8
22. g5 Nxe5 23. dxe5 Bd7 24. h4 a5 25. Qd2 Qe7 26. Rfb1 Ra7 27. Qd4 axb4 28.
Rxb4 Rfa8 29. Bd1 Bc8 30. Rc1 Ra5 31. Kg2 Qf8 32. h5 Qf5 33. h6 Qf8 34. Kg3
R8a7 35. Qc3 Bd7 36. Rb6 Qa8 37. Qb4 Bc8 38. Rc3 R5a6 39. Rc1 Qb8 40. Rxa6 Rxa6
41. a5 Qc7 42. Ra1 Kf7 43. Be2 Ra8 44. Ra3 Ra7 45. Kf2 Ra8 46. Ke1 Ra7 47. Kd2
Ra8 48. Kc3 Ra7 49. Kd4 Ra8 50. Bf1 Ra7 51. Qb6 Qxb6 52. cxb6 Ra8 53. Kc5 Ke7
1/2-1/2

[Event "5. Nord-West-Cup"]
[Site "?"]
[Date "2003.??.??"]
[Round "6"]
[White "Campe, Herbert"]
[Black "Kerski, Björn-Ole"]
[Result "0-1"]
[WhiteElo "1746"]
[BlackElo "1805"]
[PlyCount "114"]

1. e4 d5 2. exd5 Qxd5 3. d4 Nc6 4. Be3 e5 5. Nc3 Bb4 6. a3 Bxc3+ 7. bxc3 Nf6 8.
Nf3 Bg4 9. Be2 O-O-O 10. O-O Qa5 11. Ng5 Bxe2 12. Qxe2 exd4 13. cxd4 Nxd4 14.
Bxd4 Rxd4 15. Nf3 Re4 16. Qd3 Rd8 17. Qb3 Qd5 18. Qb2 Rd6 19. Rac1 Rb6 20. Qa1
Rd6 21. Ne1 Qe5 22. Qa2 Qe6 23. Qb2 Nh5 24. Nd3 Rb6 25. Qc3 Qc4 26. Qa5 Nf6 27.
Qxa7 Qa6 28. Qxa6 bxa6 29. Rb1 Re2 30. Rbc1 a5 31. Rfe1 Rxe1+ 32. Rxe1 Rc6 33.
Rc1 Rc3 34. a4 Nd5 35. Kf1 Nb4 36. Nb2 Na2 37. Ra1 Nb4 38. Rc1 Nxc2 39. Nd3
Rxd3 40. Rxc2 Ra3 41. Rc4 Ra2 42. g3 Kd7 43. h4 Kd6 44. h5 c5 45. Rf4 f6 46.
Rg4 g6 47. hxg6 hxg6 48. Rxg6 Ke5 49. Rg4 Rb2 50. Rc4 Kd5 51. Rf4 c4 52. Rxf6
c3 53. Rf5+ Kd4 54. Rf4+ Kd3 55. Rf8 c2 56. Rd8+ Ke4 57. Re8+ Kf5 0-1

[Event "5. Nord-West-Cup"]
[Site "?"]
[Date "2003.??.??"]
[Round "6"]
[White "Lukossek, Thomas"]
[Black "Krabbe-Rachut, Helmut"]
[Result "1/2-1/2"]
[WhiteElo "1750"]
[BlackElo "1705"]
[PlyCount "50"]

1. e4 d5 2. exd5 Qxd5 3. Nc3 Qa5 4. Nf3 Nf6 5. d4 c6 6. Be2 Bg4 7. O-O e6 8. h3
Bh5 9. a3 Bd6 10. Nd2 Bg6 11. Nc4 Qc7 12. Nxd6+ Qxd6 13. Bf3 O-O 14. Na4 Nbd7
15. Nc3 Rfd8 16. Be3 Nb6 17. Qe2 Nbd5 18. Nxd5 exd5 19. c3 Re8 20. Qd1 Ne4 21.
Qc1 b5 22. Bf4 Qd7 23. a4 a6 24. Bd1 Nd6 25. Bxd6 Qxd6 1/2-1/2

[Event "5. Nord-West-Cup"]
[Site "?"]
[Date "2003.??.??"]
[Round "6"]
[White "Wollin, Torsten"]
[Black "Boos, Hanspeter"]
[Result "0-1"]
[WhiteElo "1494"]
[BlackElo "1866"]
[PlyCount "48"]

1. d4 f5 2. c4 Nf6 3. Nc3 g6 4. Nf3 Bg7 5. Qc2 d6 6. e3 O-O 7. Bd3 Qe8 8. d5 a5
9. a4 Na6 10. O-O Nb4 11. Qb1 c6 12. Bd2 e5 13. Be2 h6 14. Rd1 Bd7 15. Na2 c5
16. Bc3 Bxa4 17. Rd2 Ne4 18. Bxb4 axb4 19. Rd3 b5 20. b3 bxc4 21. bxc4 Qb8 22.
Nd2 Ng5 23. Nb3 e4 24. Rd2 Bxb3 0-1

[Event "5. Nord-West-Cup"]
[Site "?"]
[Date "2003.??.??"]
[Round "6"]
[White "Ströcker, Uwe"]
[Black "Reininga, Jannes"]
[Result "0-1"]
[WhiteElo "1452"]
[BlackElo "1630"]
[PlyCount "78"]

1. Nc3 Nf6 2. e4 b6 3. Bc4 Bb7 4. d3 e6 5. Bg5 Be7 6. Nf3 h6 7. Bh4 O-O 8. O-O
d6 9. a3 c6 10. e5 dxe5 11. Nxe5 Nbd7 12. Qe2 Nd5 13. Bxe7 Qxe7 14. Nxd7 Qxd7
15. Ne4 Rfe8 16. Ng3 Nf6 17. b4 b5 18. Bb3 Qd4 19. Qe3 Qxe3 20. fxe3 a5 21. h3
axb4 22. axb4 Nd5 23. e4 Nxb4 24. e5 c5 25. Ne4 Bxe4 26. dxe4 c4 27. c3 Nd3 28.
Bc2 Nxe5 29. Rab1 Ra2 30. Rf2 Rb8 31. Rd1 Ra3 32. Rfd2 Rxc3 33. h4 Kf8 34. Rd8+
Rxd8 35. Rxd8+ Ke7 36. Rd2 b4 37. Ba4 b3 38. Rb2 Nd3 39. Rb1 b2 0-1

[Event "5. Nord-West-Cup"]
[Site "?"]
[Date "2003.??.??"]
[Round "6"]
[White "Bolduan, Albrecht"]
[Black "Christophers, Reinhard"]
[Result "0-1"]
[WhiteElo "1406"]
[BlackElo "1575"]
[PlyCount "76"]

1. d4 Nf6 2. Bf4 d6 3. e3 g6 4. Nc3 Nh5 5. Nh3 Bxh3 6. gxh3 Nxf4 7. exf4 Bg7 8.
Bg2 c6 9. Qd3 Qb6 10. O-O-O f5 11. Rhe1 Nd7 12. Bf3 Nf6 13. Re6 Kf7 14. Qe3
Rhe8 15. Re1 Qc7 16. d5 c5 17. Nb5 Qd7 18. c4 a6 19. Nc3 b5 20. Qd3 bxc4 21.
Qxc4 Rab8 22. a3 Qb7 23. Na4 Qb3 24. Qxb3 Rxb3 25. Bg2 Nh5 26. R1e3 Rb7 27. Bf1
Nxf4 28. Bxa6 Ra7 29. Bb5 Rb8 30. Rb3 Rxb5 31. Rxb5 Nxe6 32. dxe6+ Kxe6 33. Nb6
Bd4 34. Kc2 Rb7 35. a4 c4 36. a5 Bxb6 37. a6 Rb8 38. a7 Bxa7 0-1

[Event "5. Nord-West-Cup"]
[Site "?"]
[Date "2003.??.??"]
[Round "6"]
[White "van Hove, Ode"]
[Black "Frerichs, Manfred"]
[Result "1-0"]
[WhiteElo "1438"]
[BlackElo "1567"]
[PlyCount "138"]

1. e4 c5 2. d4 cxd4 3. c3 dxc3 4. Nxc3 Nc6 5. Nf3 e5 6. Bc4 h6 7. O-O Nf6 8. a3
Be7 9. Re1 O-O 10. h3 d6 11. Qe2 Qc7 12. Rd1 a6 13. Be3 Be6 14. Bxe6 fxe6 15.
Qc4 Qc8 16. Rac1 Na5 17. Qa2 Qe8 18. Bb6 Nc6 19. Qxe6+ Qf7 20. Qxf7+ Kxf7 21.
Rd3 Bd8 22. Bxd8 Raxd8 23. Rcd1 Ke6 24. Nh4 Na5 25. Rg3 Nh5 26. Rg6+ Rf6 27.
Rxf6+ Nxf6 28. f3 Nc4 29. Nf5 Kf7 30. Na4 g6 31. Nxh6+ Kg7 32. Ng4 Nxg4 33.
hxg4 b5 34. Nc5 Kf6 35. Nxa6 Nxb2 36. Rb1 Nc4 37. Rxb5 Nxa3 38. Rb6 Nc4 39. Rc6
Na5 40. Rc2 Nb3 41. Nb4 Nc5 42. Ra2 Kg5 43. Kh2 Rh8+ 44. Kg3 Rd8 45. Ra7 Kf6
46. Nd5+ Kg5 47. Rg7 Ne6 48. Rh7 Nf4 49. Nxf4 exf4+ 50. Kf2 Kf6 51. g3 fxg3+
52. Kxg3 d5 53. exd5 Rxd5 54. Ra7 Rd3 55. Ra5 Rd4 56. Kf2 Rb4 57. Ke3 Rb3+ 58.
Kf4 Rb4+ 59. Kg3 Rd4 60. Ra3 Rd1 61. Kf2 Rd2+ 62. Kg3 Rd1 63. Ra2 Rd3 64. Kf2
Rb3 65. Rc2 Rd3 66. Re2 Rd4 67. Kg3 Rd3 68. Kf2 Rb3 69. Rd2 Ra3 1-0

[Event "5. Nord-West-Cup"]
[Site "?"]
[Date "2003.??.??"]
[Round "6"]
[White "Marschall, Norbert"]
[Black "Toth, Hans-Jürgen"]
[Result "1/2-1/2"]
[WhiteElo "1560"]
[BlackElo "1363"]
[PlyCount "37"]

1. Nc3 e6 2. e4 Bb4 3. Nge2 c5 4. a3 Ba5 5. d4 cxd4 6. Qxd4 f6 7. Be3 Nc6 8.
Qd2 Nge7 9. b4 Bc7 10. f4 O-O 11. g4 b6 12. Bg2 Rb8 13. h4 f5 14. exf5 exf5 15.
g5 d6 16. Rd1 Be6 17. Nd5 Rc8 18. Nec3 Bb8 19. Qd3 1/2-1/2

[Event "5. Nord-West-Cup"]
[Site "?"]
[Date "2003.??.??"]
[Round "6"]
[White "Meijer, Johannes"]
[Black "Kohlmann, Arndt"]
[Result "0-1"]
[WhiteElo "1500"]
[BlackElo "1273"]
[PlyCount "66"]

1. d4 d5 2. c4 c6 3. Nf3 Nf6 4. Nc3 dxc4 5. a4 Bf5 6. Nh4 Be4 7. Nxe4 Nxe4 8.
Bd2 Qxd4 9. e3 Qxb2 10. Rb1 Qxd2+ 11. Qxd2 Nxd2 12. Kxd2 c3+ 13. Kxc3 b6 14.
Be2 e6 15. Nf3 Bc5 16. Ne5 O-O 17. Rhd1 Be7 18. Kc2 f6 19. Nf3 Bc5 20. Bc4 Kf7
21. Rd3 Ke7 22. Rbd1 e5 23. Rb3 Rd8 24. Nd2 Bd6 25. Bd3 h6 26. g4 Nd7 27. Ne4
Nc5 28. Nxc5 Bxc5 29. a5 Rd6 30. Ra1 b5 31. Rc3 Bb4 32. Rb3 Rad8 33. Rd1 Bxa5
0-1

[Event "5. Nord-West-Cup"]
[Site "?"]
[Date "2003.??.??"]
[Round "6"]
[White "Hubbermann, Günter"]
[Black "Buntemeyer, Axel"]
[Result "0-1"]
[WhiteElo "1092"]
[BlackElo "1540"]
[PlyCount "74"]

1. e4 d5 2. d3 dxe4 3. dxe4 Qxd1+ 4. Kxd1 Nc6 5. Nf3 Bg4 6. Be2 Nb4 7. a3
O-O-O+ 8. Bd2 Nc6 9. h3 Bh5 10. g4 Bg6 11. Bd3 h5 12. g5 e5 13. Nc3 Kb8 14. b4
Bd6 15. Nd5 Nge7 16. b5 Nxd5 17. bxc6 Nf4 18. Bxf4 exf4 19. e5 Bxd3 20. cxd3
Bc5 21. Kd2 Bxf2 22. Rab1 b6 23. Rhf1 Be3+ 24. Ke2 Rd5 25. Rb4 Rhd8 26. Rd1 a5
27. Re4 Rc5 28. d4 Rxc6 29. d5 Rc2+ 30. Kf1 Rf2+ 31. Ke1 Rxf3 32. Ke2 Rxh3 33.
e6 Rh2+ 34. Kf1 fxe6 35. Rxe6 Rh1+ 36. Ke2 Rxd1 37. Kxd1 Rxd5+ 0-1

[Event "5. Nord-West-Cup"]
[Site "?"]
[Date "2003.??.??"]
[Round "7"]
[White "Jaracz, Pawel"]
[Black "Jugelt, Tobias"]
[Result "1/2-1/2"]
[WhiteElo "2546"]
[BlackElo "2431"]
[PlyCount "35"]

1. Nf3 d5 2. c4 c6 3. e3 Nf6 4. Nc3 e6 5. d4 Nbd7 6. Qc2 Be7 7. Bd3 O-O 8. O-O
dxc4 9. Bxc4 c5 10. dxc5 Bxc5 11. a3 a6 12. Bd3 Ba7 13. Rd1 Qc7 14. Qe2 b5 15.
Bd2 Bb7 16. Rac1 Nc5 17. Bc2 Qe7 18. e4 1/2-1/2

[Event "5. Nord-West-Cup"]
[Site "?"]
[Date "2003.??.??"]
[Round "7"]
[White "Cioara, Andrei Nestor"]
[Black "Levin, Felix"]
[Result "1/2-1/2"]
[WhiteElo "2396"]
[BlackElo "2523"]
[PlyCount "28"]

1. e4 e5 2. Nf3 Nf6 3. d4 Nxe4 4. Bd3 d5 5. Nxe5 Nd7 6. Nxd7 Bxd7 7. O-O Bd6 8.
c4 c6 9. cxd5 cxd5 10. Qh5 O-O 11. Qxd5 Bc6 12. Qh5 g6 13. Qh6 Re8 14. Nc3 Bf8
1/2-1/2

[Event "5. Nord-West-Cup"]
[Site "?"]
[Date "2003.??.??"]
[Round "7"]
[White "Hobuss, Udo"]
[Black "Fish, Gennadij"]
[Result "1/2-1/2"]
[WhiteElo "2394"]
[BlackElo "2500"]
[PlyCount "41"]

1. d4 Nf6 2. c4 e6 3. Nf3 b6 4. g3 Ba6 5. Qa4 c5 6. Bg2 Bb7 7. dxc5 bxc5 8. O-O
Be7 9. Nc3 O-O 10. Rd1 Qb6 11. Bf4 Rd8 12. Rd2 d6 13. Rad1 h6 14. h3 e5 15. Be3
Nc6 16. Qc2 Nd4 17. Qb1 Rab8 18. b3 Bc6 19. Nh4 Bxg2 20. Kxg2 Qb7+ 21. f3
1/2-1/2

[Event "5. Nord-West-Cup"]
[Site "?"]
[Date "2003.??.??"]
[Round "7"]
[White "Sawatzki, Frank"]
[Black "Lanka, Zigurds"]
[Result "1-0"]
[WhiteElo "2320"]
[BlackElo "2509"]
[PlyCount "101"]

1. e4 c5 2. Nf3 Nc6 3. Bb5 g6 4. Bxc6 dxc6 5. h3 Bg7 6. d3 Nf6 7. Nc3 Nd7 8.
Be3 e5 9. Qd2 Qe7 10. Bh6 f6 11. Bxg7 Qxg7 12. Qe3 b6 13. a4 Nf8 14. a5 Rb8 15.
axb6 axb6 16. Ne2 Ne6 17. c3 O-O 18. O-O Rb7 19. Rfb1 Rd8 20. b4 Rbd7 21. Ne1
Qf8 22. b5 Qd6 23. bxc6 Qxc6 24. c4 Rb7 25. Nc3 Qd6 26. Nb5 Qe7 27. Ra3 Bd7 28.
Nc3 Bc6 29. Ra6 Rdb8 30. Nc2 Nd4 31. Qc1 Nxc2 32. Qxc2 f5 33. Nd5 Bxd5 34. cxd5
f4 35. Qa2 Kg7 36. Ra8 h5 37. Rxb8 Rxb8 38. Qa6 Qc7 39. Kf1 g5 40. Ke2 g4 41.
hxg4 hxg4 42. Kd2 Qb7 43. Qa1 Qe7 44. Rh1 c4 45. dxc4 b5 46. c5 f3 47. g3 Re8
48. d6 Qb7 49. Rh5 Qxe4 50. Qa7+ Kg8 51. Rg5+ 1-0

[Event "5. Nord-West-Cup"]
[Site "?"]
[Date "2003.??.??"]
[Round "7"]
[White "Gutman, Lev"]
[Black "Mühlenhaus, Sven"]
[Result "1/2-1/2"]
[WhiteElo "2495"]
[BlackElo "2193"]
[PlyCount "102"]

1. Nf3 d5 2. g3 Nf6 3. Bg2 c5 4. O-O Nc6 5. d4 e6 6. c4 dxc4 7. Na3 cxd4 8.
Nxc4 Bc5 9. Bf4 O-O 10. Rc1 Qe7 11. a3 Nd5 12. b4 Nxf4 13. gxf4 Bb6 14. Qa4 Qd8
15. Rfd1 Bd7 16. b5 Ne7 17. Nxd4 Bxd4 18. Rxd4 Bxb5 19. Qd1 Qb8 20. Ne5 Nc6 21.
Rd7 Nxe5 22. Rxb7 Nf3+ 23. Bxf3 Qe8 24. Qd6 a6 25. Qb4 Rc8 26. Rd1 Rc4 27. Qd6
g6 28. e3 Qc8 29. Kg2 Qc5 30. Qxc5 Rxc5 31. Rd4 Bc4 32. Rb6 a5 33. Be4 Rfc8 34.
a4 Kg7 35. h4 h5 36. Bf3 Ba2 37. Rd2 Rc2 38. Rdd6 Bc4 39. Rd7 Ra2 40. Rbb7 e5
41. fxe5 Rxa4 42. Rd4 Rb4 43. Ra7 Rc5 44. Re4 Be6 45. Rxa5 Rxa5 46. Rxb4 Rxe5
47. Kg3 Rc5 48. Be2 Rc2 49. Bd3 Rc3 50. Rd4 Rc7 51. Kf4 Kf6 1/2-1/2

[Event "5. Nord-West-Cup"]
[Site "?"]
[Date "2003.??.??"]
[Round "7"]
[White "Meins, Gerlef"]
[Black "Schebitz, Stephan"]
[Result "1-0"]
[WhiteElo "2436"]
[BlackElo "2180"]
[PlyCount "102"]

1. d4 f5 2. g3 Nf6 3. Bg2 g6 4. c3 Bg7 5. Qb3 c6 6. Nd2 d5 7. Nh3 e5 8. dxe5
Ng4 9. f4 Ne3 10. Bf3 Na6 11. Nf1 Nc5 12. Bxe3 Nxb3 13. axb3 Qc7 14. Nd2 O-O
15. b4 b6 16. Nf2 Rd8 17. Nd3 Be6 18. Nb3 Bf8 19. Kf2 Rac8 20. Ra6 d4 21. Nxd4
Bc4 22. b5 Rxd4 23. Bxd4 Bxb5 24. Raa1 c5 25. Bd5+ Kg7 26. c4 Be8 27. Bc3 Kh6
28. Ra6 Bc6 29. Rha1 Ra8 30. h4 Bxd5 31. cxd5 Qb7 32. d6 Kh5 33. Ne1 h6 34. Nf3
Qf7 35. Rxb6 axb6 36. Rxa8 b5 37. Ba5 Bg7 38. Bd2 Kg4 39. Be3 Kh3 40. Rc8 c4
41. Rc7 Qd5 42. Rxg7 b4 43. Bd4 c3 44. bxc3 b3 45. c4 Qxc4 46. Rc7 Qd5 47. d7
b2 48. Bxb2 Qd1 49. Bd4 Qh1 50. d8=Q Qg2+ 51. Ke3 Kxg3 1-0

[Event "5. Nord-West-Cup"]
[Site "?"]
[Date "2003.??.??"]
[Round "7"]
[White "Schütte, Marc"]
[Black "Pajeken, Wolfgang"]
[Result "1-0"]
[WhiteElo "2232"]
[BlackElo "2326"]
[PlyCount "89"]

1. e4 Nf6 2. Nc3 d5 3. e5 Ne4 4. Nce2 d4 5. c3 Nc6 6. Qa4 Nc5 7. Qb5 Ne6 8. Nf3
Qd7 9. cxd4 a6 10. Qd3 Nb4 11. Qb3 Nc5 12. dxc5 Nd3+ 13. Kd1 Nxf2+ 14. Ke1 Nd3+
15. Kd1 Nf2+ 16. Kc2 Qc6 17. Ned4 Qxc5+ 18. Qc3 Qxc3+ 19. dxc3 c5 20. Rg1 cxd4
21. Nxd4 Ng4 22. Bf4 g5 23. Bxg5 Nxe5 24. Be2 f6 25. Bh5+ Ng6 26. Bh4 Bg7 27.
g4 Bd7 28. Rae1 O-O-O 29. Bg3 Bf8 30. Ne6 Bxe6 31. Rxe6 Bh6 32. Bxg6 hxg6 33.
Rxe7 Rd2+ 34. Kb3 Rd7 35. Rge1 Kd8 36. R7e6 Bg5 37. Bd6 f5 38. Rg1 Be3 39. Re1
f4 40. Rxg6 Rf7 41. Be5 Rh3 42. g5 f3 43. Rg8+ Ke7 44. Rxe3 f2 45. Bg3+ 1-0

[Event "5. Nord-West-Cup"]
[Site "?"]
[Date "2003.??.??"]
[Round "7"]
[White "Schmidt, Harald"]
[Black "Krause, Thomas"]
[Result "1-0"]
[WhiteElo "2339"]
[BlackElo "2186"]
[PlyCount "77"]

1. c4 c5 2. Nc3 b6 3. e4 Bb7 4. g3 Nf6 5. Bg2 e6 6. Nge2 a6 7. O-O Qc7 8. d3 d6
9. Nf4 Be7 10. Be3 O-O 11. Rb1 Nbd7 12. a3 Rac8 13. Bh3 Rcd8 14. Qe2 Rfe8 15.
Bg2 Ne5 16. b4 cxb4 17. Na4 Nfd7 18. axb4 Ra8 19. Rfc1 Reb8 20. d4 Ng6 21. d5
Nxf4 22. gxf4 e5 23. fxe5 Bc8 24. c5 bxc5 25. bxc5 Rxb1 26. Rxb1 Nxe5 27. f4
Ng4 28. cxd6 Qxd6 29. e5 Qg6 30. Rb6 Qf5 31. d6 Bd8 32. Rb2 Nxe3 33. Qxe3 Qg4
34. h3 Qd1+ 35. Kh2 Qxa4 36. Bxa8 Bh4 37. Rb8 Qc2+ 38. Bg2 h5 39. d7 1-0

[Event "5. Nord-West-Cup"]
[Site "?"]
[Date "2003.??.??"]
[Round "7"]
[White "Thinius, Marco"]
[Black "Wiertzema, Michael"]
[Result "1-0"]
[WhiteElo "2304"]
[BlackElo "2149"]
[PlyCount "131"]

1. e4 c5 2. Nf3 Nc6 3. Bb5 d6 4. O-O Bd7 5. c3 Nf6 6. Re1 a6 7. Ba4 b5 8. Bc2
Bg4 9. h3 Bxf3 10. Qxf3 g6 11. a4 b4 12. Qd1 Bg7 13. d4 cxd4 14. cxd4 O-O 15.
Be3 Qb8 16. Nd2 Na5 17. Bd3 Qb7 18. Qe2 Rfc8 19. Rec1 d5 20. Rxc8+ Qxc8 21. e5
Ne8 22. Qd1 Qb7 23. Rc1 Rc8 24. Rxc8 Qxc8 25. Qf1 Nc7 26. Qc1 Qb7 27. Qc5 Nc6
28. Nb3 Bf8 29. Na5 Nxa5 30. Qxa5 e6 31. g4 h6 32. Kf1 Kg7 33. Ke2 Be7 34. Bd2
Bf8 35. f4 Be7 36. Kd1 g5 37. f5 f6 38. Kc2 b3+ 39. Kd1 Kf7 40. Ke2 fxe5 41.
dxe5 d4 42. fxe6+ Nxe6 43. Qxa6 Qg2+ 44. Ke1 Qh1+ 45. Bf1 Qe4+ 46. Qe2 Qb1+ 47.
Qd1 Qe4+ 48. Kf2 Qxe5 49. Qxb3 Kf6 50. Qf3+ Kg7 51. Qf5 Qh2+ 52. Bg2 Nf4 53.
Bxf4 gxf4 54. Qd3 Bh4+ 55. Kf1 Bf6 56. a5 f3 57. Qxf3 Qe5 58. Qb7+ Be7 59. Qe4
Qc5 60. Bf3 Bd8 61. a6 Bb6 62. Qb7+ Kf8 63. Qc6 Qa5 64. Qf6+ Kg8 65. Qg6+ Kf8
66. Qf5+ 1-0

[Event "5. Nord-West-Cup"]
[Site "?"]
[Date "2003.??.??"]
[Round "7"]
[White "Schneider, Ilja"]
[Black "Jaracz, Barbara"]
[Result "1/2-1/2"]
[WhiteElo "2217"]
[BlackElo "2292"]
[PlyCount "39"]

1. e4 c5 2. c3 Nf6 3. e5 Nd5 4. d4 cxd4 5. cxd4 e6 6. Nf3 d6 7. a3 Bd7 8. Bd3
Bc6 9. O-O Be7 10. Qe2 Nd7 11. Bd2 dxe5 12. dxe5 O-O 13. Nc3 Nxc3 14. Bxc3 Qc7
15. Rac1 Rfd8 16. Nd4 Nc5 17. Nxc6 Nxd3 18. Nxd8 Nxc1 19. Rxc1 Rxd8 20. Rd1
1/2-1/2

[Event "5. Nord-West-Cup"]
[Site "?"]
[Date "2003.??.??"]
[Round "7"]
[White "Ljubarskij, Jurij"]
[Black "Gudat, Alfons"]
[Result "1-0"]
[WhiteElo "2292"]
[BlackElo "2063"]
[PlyCount "58"]

1. e4 c5 2. Nc3 Nc6 3. f4 g6 4. Nf3 Bg7 5. Bc4 d6 6. O-O e6 7. d3 Nge7 8. Qe1
O-O 9. Bb3 Nd4 10. Nxd4 cxd4 11. Ne2 d5 12. e5 f6 13. Nxd4 fxe5 14. fxe5 Rxf1+
15. Kxf1 Bd7 16. Nf3 Nc6 17. d4 Na5 18. Kg1 Rc8 19. c3 Nxb3 20. axb3 a6 21. Bg5
Qf8 22. Rc1 h6 23. Bd2 Bb5 24. Qh4 g5 25. Qg4 Qf5 26. Qxf5 exf5 27. h4 g4 28.
Ne1 Kh7 29. g3 h5 1-0

[Event "5. Nord-West-Cup"]
[Site "?"]
[Date "2003.??.??"]
[Round "7"]
[White "Zeuner, Michael"]
[Black "Asendorf, Joachim"]
[Result "0-1"]
[WhiteElo "2165"]
[BlackElo "2280"]
[PlyCount "80"]

1. e4 c5 2. Nf3 d6 3. c3 Nf6 4. Bd3 Nc6 5. Bc2 Bg4 6. O-O g6 7. d4 Bxf3 8. gxf3
Bg7 9. d5 Nb8 10. f4 O-O 11. Nd2 Nh5 12. Qf3 Nd7 13. a4 b6 14. Kh1 a6 15. Rg1
b5 16. Nf1 e6 17. e5 dxe5 18. f5 exf5 19. Bxf5 Ndf6 20. Ne3 Re8 21. Bc2 e4 22.
Qd1 Qd7 23. b3 Rad8 24. axb5 axb5 25. c4 Qh3 26. Ra5 bxc4 27. bxc4 Nd7 28. Qg4
Qxg4 29. Nxg4 f5 30. Ne3 Ra8 31. Rb5 Ra1 32. Bb2 Bxb2 33. Rxb2 Rxg1+ 34. Kxg1
Ne5 35. Rb5 f4 36. Nf1 Nf3+ 37. Kh1 Nd4 38. Rb2 e3 39. fxe3 fxe3 40. Bd3 Nf4
0-1

[Event "5. Nord-West-Cup"]
[Site "?"]
[Date "2003.??.??"]
[Round "7"]
[White "Meyer, Malte"]
[Black "Wahrenberg, Ralf"]
[Result "1-0"]
[WhiteElo "2244"]
[BlackElo "2058"]
[PlyCount "43"]

1. d4 Nf6 2. c4 g6 3. Nc3 d5 4. cxd5 Nxd5 5. e4 Nxc3 6. bxc3 c5 7. Bb5+ Bd7 8.
Bxd7+ Qxd7 9. Nf3 Bg7 10. O-O cxd4 11. cxd4 Nc6 12. Be3 O-O 13. Rc1 Rfd8 14. d5
Ne5 15. Nxe5 Bxe5 16. Qb3 a6 17. f4 Bg7 18. Rc4 Rdc8 19. Rfc1 h5 20. h3 Bh6 21.
Kf2 Kf8 22. Qc3 1-0

[Event "5. Nord-West-Cup"]
[Site "?"]
[Date "2003.??.??"]
[Round "7"]
[White "Thom, Rüdiger"]
[Black "Tchetchelnitski, Boris"]
[Result "1-0"]
[WhiteElo "1969"]
[BlackElo "2230"]
[PlyCount "77"]

1. d4 e6 2. g4 d5 3. Bg2 c5 4. c3 Nc6 5. Nf3 Nf6 6. h3 Ne4 7. Nbd2 cxd4 8. Nxd4
Nxd2 9. Qxd2 Be7 10. e4 Bf6 11. exd5 Nxd4 12. cxd4 exd5 13. Qb4 Be7 14. Qb3 O-O
15. O-O Bf6 16. Be3 h5 17. gxh5 Be6 18. Qxb7 Re8 19. Rfc1 Rb8 20. Qxa7 Rxb2 21.
Qc7 Qxc7 22. Rxc7 Ra8 23. a4 Rb4 24. a5 Bd8 25. Rc5 Bb6 26. Bxd5 Ra7 27. Bxe6
Bxc5 28. dxc5 fxe6 29. a6 Rc4 30. Kf1 Kf7 31. Ke2 Ke7 32. Kd3 Rb4 33. c6 Rb3+
34. Kc4 Rxe3 35. fxe3 Kd6 36. Kb5 Kc7 37. Rd1 Ra8 38. Rd7+ Kc8 39. a7 1-0

[Event "5. Nord-West-Cup"]
[Site "?"]
[Date "2003.??.??"]
[Round "7"]
[White "Wiege, Andre"]
[Black "Gellrich, Peter"]
[Result "0-1"]
[WhiteElo "1977"]
[BlackElo "2230"]
[PlyCount "64"]

1. e4 c5 2. d3 Nc6 3. Nd2 d5 4. g3 Nf6 5. Bg2 e5 6. Ngf3 dxe4 7. dxe4 Be7 8.
O-O O-O 9. c3 Bg4 10. Qc2 Qd7 11. Nc4 Qe6 12. Ne3 Rad8 13. Ng5 Qc8 14. Nd5 h6
15. Nxe7+ Nxe7 16. Nf3 Ng6 17. Be3 Rd6 18. h3 Be6 19. Rfd1 Rfd8 20. Rxd6 Rxd6
21. Kh2 b6 22. b3 Qd7 23. Bf1 Nh7 24. Re1 Qc6 25. Nd2 Ng5 26. Bg2 Qd7 27. f4
exf4 28. gxf4 Bxh3 29. Nc4 Bxg2 30. Qxg2 Nh4 31. Qg3 Ngf3+ 32. Kh1 Rg6 0-1

[Event "5. Nord-West-Cup"]
[Site "?"]
[Date "2003.??.??"]
[Round "7"]
[White "Hilverda, Alexander"]
[Black "Vasiljevic, Dragan"]
[Result "1/2-1/2"]
[WhiteElo "2083"]
[BlackElo "2361"]
[PlyCount "77"]

1. e4 d6 2. d4 g6 3. Nc3 Bg7 4. f4 a6 5. a4 Nf6 6. Nf3 c5 7. dxc5 Qa5 8. Bd3
Qxc5 9. Qe2 O-O 10. Be3 Qa5 11. O-O Bg4 12. Qd2 Bxf3 13. Rxf3 Nc6 14. Kh1 Rac8
15. Raf1 Ng4 16. Nd5 Qxd2 17. Bxd2 Bxb2 18. h3 Nf6 19. Rb1 Bd4 20. Rxb7 e6 21.
Nxf6+ Bxf6 22. Bxa6 Nd4 23. Rc3 Nxc2 24. Rxc8 Rxc8 25. Rd7 Rd8 26. Rc7 Nd4 27.
Bc3 Kg7 28. g4 Nf3 29. Bxf6+ Kxf6 30. g5+ Kg7 31. Bc8 Kf8 32. a5 d5 33. exd5
Rxd5 34. Bb7 Rxa5 35. Bxf3 Ra4 36. Kg2 Rxf4 37. Kg3 Rb4 38. Rc8+ Kg7 39. Rc7
1/2-1/2

[Event "5. Nord-West-Cup"]
[Site "?"]
[Date "2003.??.??"]
[Round "7"]
[White "Schmidt, Oliver"]
[Black "Schirm, Friedmar"]
[Result "0-1"]
[WhiteElo "2073"]
[BlackElo "2305"]
[PlyCount "28"]

1. e4 c5 2. Nf3 Nc6 3. d4 cxd4 4. Nxd4 g6 5. Nc3 Bg7 6. Be3 Nf6 7. Bc4 O-O 8.
f3 Qb6 9. Bb3 Nxe4 10. Nf5 Nxc3 11. bxc3 Bxc3+ 12. Kf2 Qa5 13. Nh6+ Kg7 14. h4
f5 0-1

[Event "5. Nord-West-Cup"]
[Site "?"]
[Date "2003.??.??"]
[Round "7"]
[White "Topolewski, Dirk"]
[Black "Walter, Stefan"]
[Result "1-0"]
[WhiteElo "2278"]
[BlackElo "2051"]
[PlyCount "73"]

1. d4 f5 2. Bg5 h6 3. Bh4 g5 4. Bg3 Nf6 5. e3 Bg7 6. h4 d6 7. hxg5 hxg5 8.
Rxh8+ Bxh8 9. Nh3 g4 10. Nf4 e6 11. Nc3 Qe7 12. Qd3 Qf7 13. O-O-O Bd7 14. Nb5
Na6 15. Qc4 Bxb5 16. Qxb5+ c6 17. Qb3 e5 18. Bc4 d5 19. Bxa6 exf4 20. Qxb7 Qxb7
21. Bxb7 fxg3 22. Bxc6+ Ke7 23. Bxa8 gxf2 24. Kd2 Kd6 25. g3 Ne4+ 26. Ke2 Nxg3+
27. Kxf2 Ne4+ 28. Kg2 Bf6 29. c4 Bg5 30. Bxd5 Nf6 31. Rd3 Nxd5 32. cxd5 Bd8 33.
Kg3 Kxd5 34. Kf4 g3 35. Kxg3 Ke4 36. Rb3 Bb6 37. Rb5 1-0

[Event "5. Nord-West-Cup"]
[Site "?"]
[Date "2003.??.??"]
[Round "7"]
[White "Adam, Detlef"]
[Black "Heinemann, Ernst"]
[Result "0-1"]
[WhiteElo "2066"]
[BlackElo "2263"]
[PlyCount "78"]

1. e4 c6 2. d4 d5 3. exd5 cxd5 4. Bd3 Nc6 5. c3 g6 6. Nf3 Nh6 7. O-O Bf5 8. Re1
Bxd3 9. Qxd3 Bg7 10. Na3 Nf5 11. Bf4 O-O 12. Re2 a6 13. Ne5 Rc8 14. Nxc6 Rxc6
15. Nc2 e6 16. Ne3 Nxe3 17. Qxe3 Re8 18. Be5 b5 19. Bxg7 Kxg7 20. f4 Rf8 21. g4
Qh4 22. Rg2 Rfc8 23. a3 a5 24. g5 h6 25. Qe5+ Kg8 26. Rg3 hxg5 27. fxg5 Qh8 28.
Qf6 b4 29. axb4 axb4 30. Qe7 bxc3 31. bxc3 Rxc3 32. Rf1 Qxd4+ 33. Kh1 R3c7 34.
Qf6 Qxf6 35. gxf6 Rc2 36. Ra3 Rb8 37. Rfa1 Rf2 38. Ra8 Rxa8 39. Rxa8+ Kh7 0-1

[Event "5. Nord-West-Cup"]
[Site "?"]
[Date "2003.??.??"]
[Round "7"]
[White "Janssen, Volker"]
[Black "Lundin, Jan"]
[Result "1/2-1/2"]
[WhiteElo "2058"]
[BlackElo "2220"]
[PlyCount "65"]

1. e4 e5 2. Nc3 Nf6 3. Nf3 Nc6 4. d4 exd4 5. Nxd4 Nxe4 6. Nxe4 Qe7 7. f3 d5 8.
Nxc6 bxc6 9. Bd3 dxe4 10. fxe4 g6 11. O-O Bg7 12. Qf3 O-O 13. Rb1 Be6 14. b3 a5
15. a4 Be5 16. Be3 Rfd8 17. Bf4 Bxf4 18. Qxf4 Qd6 19. Qe3 Rab8 20. Rfd1 Qe5 21.
Be2 c5 22. Qf3 Rd4 23. Rxd4 cxd4 24. Rd1 Kg7 25. g3 Rb6 26. Qf4 f6 27. Qd2 Qxe4
28. Bd3 Qe5 29. Re1 Qc5 30. Qe2 Bf7 31. Qe7 Rc6 32. Qxc5 Rxc5 33. Re4 1/2-1/2

[Event "5. Nord-West-Cup"]
[Site "?"]
[Date "2003.??.??"]
[Round "7"]
[White "Park, Heiko"]
[Black "Leiber, Bernhard"]
[Result "0-1"]
[WhiteElo "2034"]
[BlackElo "2208"]
[PlyCount "82"]

1. f4 Nf6 2. Nf3 g6 3. e3 Bg7 4. Be2 O-O 5. Nc3 d6 6. b3 e5 7. fxe5 dxe5 8. e4
Nc6 9. Bb2 Nh5 10. Nd5 f5 11. Bc4 Be6 12. Nxc7 Bxc4 13. Nxa8 fxe4 14. bxc4 exf3
15. O-O fxg2 16. Rxf8+ Bxf8 17. Kxg2 Nf4+ 18. Kh1 Qxa8 19. Qf3 Bg7 20. Re1 g5
21. Bc3 Qd8 22. Qe4 Qd7 23. Re3 Qf7 24. Rf3 Nd4 25. Bxd4 exd4 26. d3 Bf6 27.
Qf5 Qe7 28. Kg1 Kg7 29. Qg4 Qe1+ 30. Rf1 Qe3+ 31. Kh1 h5 32. Qg3 Kg6 33. a4 h4
34. Qg4 h3 35. a5 Qd2 36. Rb1 Qxc2 37. Rd1 a6 38. Qf3 Kh6 39. Kg1 Ne2+ 40. Kf2
Nc3+ 41. Kg3 Be5+ 0-1